Statistics for NPB 日本プロ野球 歴代守備位置別最多打点

Click here to take the quiz!

General Stats

  • This quiz has been taken 35 times
  • The average score is 4 of 8

Answer Stats

守備位置選手打点% Correct
捕手野村克也135
100%
外野手小鶴誠161
54%
二塁手ロバート・ローズ153
50%
三塁手今岡誠146
50%
遊撃手鳥谷敬104
35%
一塁手タイロン・ウッズ144
31%
外野手タフィ・ローズ、ウラディミール・バレンティン131
31%
外野手青田昇137
4%

Score Distribution

Percentile by Number Answered

Percent of People with Each Score

Your Score History

You have not taken this quiz